El reverso del psicoanálisis, 1969-1970
Uloženo v:
| Hlavní autor: | |
|---|---|
| Médium: | Kniha |
| Jazyk: | španělština |
| Vydáno: |
Buenos Aires
Paidós
1992
|
| Vydání: | 1a. ed |
| Edice: | El Seminario de Jacques Lacan, 17
|
| Témata: | |
| Tagy: |
Přidat tag
Žádné tagy, Buďte první, kdo vytvoří štítek k tomuto záznamu!
|
MARC
| LEADER | 00000nam a2200000 a 4500 | ||
|---|---|---|---|
| 001 | UCK3977 | ||
| 003 | CL-VaPUC | ||
| 008 | 050513e19920000AG |||||||||||||||||spa|d | ||
| 020 | |a 950123987X | ||
| 082 | 0 | 4 | |a 150.195 |b LAC |2 21 |
| 100 | |a Lacan, Jacques-Marie Émile |e author |9 575715 | ||
| 245 | 1 | 3 | |a El reverso del psicoanálisis, 1969-1970 |
| 250 | |a 1a. ed | ||
| 300 | |a 231 p | ||
| 942 | |c BK | ||
| 945 | |d 20050513 00:00:00 |a jcarroza | ||
| 260 | |a Buenos Aires |b Paidós |c 1992 | ||
| 650 | 0 | |a Psicoanálisis |9 265702 | |
| 650 | 0 | |a Ciencias de la vida |9 314137 | |
| 650 | 7 | |a CIENCIAS DEL COMPORTAMIENTO |2 CL-VaPUC |9 492407 | |
| 583 | |a last modification |c 20120928 10:02:52 |k Rodrigo Vera | ||
| 490 | 0 | |a El Seminario de Jacques Lacan, 17 | |
| 999 | |c 313019 |d 313017 | ||
| 952 | |0 0 |1 0 |4 0 |6 150_195000000000000_LAC_1992 |7 0 |8 R |9 384055 |a BIBEDU |b BIBEDU |c MCIRC |d 2019-11-22 |i 412443K |l 1 |o 150.195 LAC 1992 |p 412443K |r 2023-01-13 |s 2022-01-03 |w 2019-11-22 |y BK_R |k PSI | ||